Testy mutagenity lokálneho anestetika heptakaínu a jeho alkoxyanalógov

Bibliographic Details
Main Authors: Lahitová, Nora (Author), Čižmárik, Jozef, 1943- (Author), Ebringer, Libor, 1931-2015 (Author)
Format: Article
Language:Slovak
PhysicalDescription:Tb. 1. Res. rus., angl., nem., lit. 15 zázn. v slov., angl.
Subjects:

MARC

LEADER 00000nab a2200000 a 4500
001 vtls000272420
003 SK-MaSNL
005 20260304063939.0
008 250422c1986 xo 0 slo
015 |a SNBRB19rr/mm-uuuuu 
035 |a CL0282534 
035 |a urn:nbn:sk:snk-ab6z2 
035 |a (urnnbn)urn:nbn:sk:snk:ar-a03lxl 
035 |a (uuid)73a2109f-4715-4e13-940f-3d7acb8540a9 
040 |a SNKBUCL  |b slo  |c SNKBUCL  |e AACR2 
041 0 |a slo 
044 |a xo  |c SK 
080 |a 615.26:615.211  |2 1981 
080 |a 615.211  |2 1981 
080 |a 615.015  |2 1981 
100 1 |a Lahitová, Nora  |4 aut  |9 573758 
245 1 0 |a Testy mutagenity lokálneho anestetika heptakaínu a jeho alkoxyanalógov  |c Nora Lahitová, Jozef Čižmárik, Libor Ebringer 
300 |b Tb. 1. Res. rus., angl., nem., lit. 15 zázn. v slov., angl. 
650 0 7 |a lokálne anestetiká  |2 snkbucl  |9 2420 
650 0 7 |a mutagenita  |2 SNKPH  |9 18473 
655 7 |a články z novín a časopisov  |2 snkbucl  |9 267496 
700 1 |a Čižmárik, Jozef,  |d 1943-  |4 aut  |9 106710 
700 1 |a Ebringer, Libor,  |d 1931-2015  |4 aut  |9 116885 
773 0 |t Bratislavské lekárske listy  |g Roč. 86, č. 5 (1986), s. 520-524 
850 |a Slovenská národná knižnica 
852 |a Slovenská národná knižnica 
954 |a odborná, vedecká literatúra pôvodná (slovenská)  |2 lita 
958 |a article27 
958 |a NB 
958 |a RK 
958 |a MI 
958 |a OND 
958 |a EUIPO 
992 |a RBX 
999 |c 2744613  |d 2746543